000 00456nam a22001577a 4500
005 20251108172036.0
008 250721s1994 xx 000 0 ara d
082 1 4 _a368.32/تأم
100 1 _aشاكر، علي أحمد
245 1 0 _aتأمين المسؤولية المدنية /
264 1 _aالقاهرة :
_bمركز التعليم المفتوح،
_c1994.
300 _a227ص
650 1 7 _aالتأمين
942 _2ddc
_cBK
999 _c68960
_d68960